MDQL
is popping MORE tags! Check the
thread
!
Quizzes
Events
Quiz Creation
Community
Videos
Private Events
Remove Ads
Sign In
Join for FREE
Feedback
Dark Mode
Quiz Categories
Sports
Geography
Music
Movies
Television
Just For Fun
Miscellaneous
History
Literature
Language
Science
Gaming
Entertainment
Religion
Holiday
For Kids
Quiz Lab
Recent
Popular Today
Quiz Kudos Today
Editor Picks
Curator Picks
Quizzes by...
Day
Popularity
Type
Ratings
Length
Year
Community
Subscriptions
Recent Discussions
Orange Saloon
Badges
Playlists
Quests
Create
Leaderboards
Showdown
Live 5
Trivia Bingo
Activity
Puzzle Library
Sporcle Events
Private Events
Virtual Trivia
Globe League
Become a Host
Pub Owners
SporcleCon
Opinionation
Our Games
Videos
Blog
Mobile Apps
Partnerships
Remove Ads and Go Orange
Feedback
Geography
Country
Landmarks
City
State
Population
World
Capital
Continent
Flags
Europe
Africa
Asia
South America
North America
Oceania
Border
Canada
United Kingdom
Topography
United States
Geography
Country
Landmarks
City
State
Population
World
Capital
Continent
Flags
Europe
Africa
Asia
South America
North America
Oceania
Border
Canada
United Kingdom
Topography
United States
Random Quiz
Search Sporcle
×
Quiz Lab
Quiz Lab
Geography
Country
Click on regions of an image
Click on regions of an image
Picture Click
Best Score? Go Orange.
Find the europe countries Stats
Can you find the europe countries?
By
jainsaatwik
20m
47 Questions
267 Plays
267 Plays
267 Plays
Comments
Comments
Give Quiz Kudos
Give Quiz Kudos
-
- Ratings
hide this ad
Forced Order
Answers have to be entered in order
Answers have to be entered in order
Replay
Link that replays current quiz
Next Quiz
Link to next quiz in quiz playlist
You Got
0%
They Got
Avg Score
59%
Avg Friend Score
Upgrade to see
Score Distribution
Jump to the score distribution portion of the page
Score
0/47
Timer
20:00
0
Plays Today
% Correct
UK
71.8%
Germany
71.4%
Russia
71.4%
Spain
71%
Portugal
69.8%
Finland
68.7%
Italy
68.3%
Greece
67.9%
Norway
67.9%
Sweden
67.6%
France
67.2%
Ukraine
67.2%
Iceland
66.4%
Ireland
66.4%
Netherlands
66%
Denmark
65.6%
Belgium
65.3%
Turkey
65.3%
Poland
63.7%
Austria
62.6%
Latvia
62.6%
Belarus
62.2%
Czechia
62.2%
Cyprus
61.5%
% Correct
Lithuania
60.3%
Romania
60.3%
Bosnia and Herzegovina
59.5%
Switzerland
59.5%
Estonia
59.2%
Hungary
58.8%
North Macedonia
58%
Bulgaria
57.6%
Albania
56.9%
Serbia
56.5%
Slovakia
56.5%
Croatia
55.3%
Moldova
55.3%
Montenegro
55.3%
Kosovo
55%
Luxembourg
52.3%
Slovenia
51.5%
San Marino
43.9%
Monaco
43.5%
Andorra
43.1%
Vatican City
42.7%
Liechtenstein
40.1%
Malta
34%
Quiz Playlist
Details
Report
Send in Message
Add To Playlist
Picture Click:
Click on regions of an image
Forced Order:
Answers have to be entered in order
Last Updated: Oct 1, 2019
Quiz Scoreboard
CHALLENGE
Sign Up to Join the Scoreboard
Show All
Scores
Hide
Comments
May contain spoilers
Recently Published
1-10 Letter E Words III
by El_Dandy
Language
2m
Street Fighter Characters
by Artimus82
Gaming
60s
College Basketball Coaching Resumes
by pancakes188
Sports
9m
More to Explore
Quiz From the Vault
Featured Blog Post
Where Did the Easter Bunny Come From?
hide this ad
You Might Also Like...
Tags
Country Quiz
Europe Quiz
Today's Top Quizzes in Geography
Browse Geography
hide this ad
Today's Top Quizzes in Country
Browse Country
Top Contributed Quizzes in Geography
1
Countries of the World - No Outlines Minefield
2
Top 25 Cities of France on a map
3
Any capital of a 'B' country per Continent
4
Any capital of a 'C' country per Continent
5
Closest Countries to UK A-Z
6
Any capital of a 'D' country per Continent
7
5-to-1: US Geography No Hints
8
Any capital of an 'E' country per Continent
9
Find the US States - No Outlines
10
Any capital of an 'F' country per Continent
Explore More
Trending Topics
Harry Potter
Crossword
Disney
Marvel
NBA
Kpop
Anime
WWE
NFL
Puzzle
The Office
Country
Pokémon
Soccer
Song
hide this ad
More By:
jainsaatwik
Quiz
Plays
Rating
Category
Featured
Created
continents and oceans
2,482
2.38
Geography
Sep 30, 2019
mcu logic quiz
1,605
2.00
Movies
May 10, 2020
find the american countries
1,414
2.40
Geography
Sep 30, 2019
middle east countries
982
3.00
Geography
May 11, 2020
MCU quotes
798
2.00
Movies
May 24, 2020
Go to Creator's Profile
Score Distribution
Quiz Creator Spotlight
jainsaatwik
Follow
Send a Message
Quizzes Created
-
Created Quiz Play Count
-
More By This Creator
Popular Quizzes Today
1
Find the US States - No Outlines Minefield
2
Find the Countries of Europe - No Outlines Minefield
3
The Countries of the World
4
Find the US States
5
Risky Map Clicking: Biggest States A-Z
6
US States
7
Popular People in 1961
8
Movies - When Are They Set?
More Geography Quizzes
Complete the Map Snippet - Capital Cities XVI
Quiz Lab
Trending Quizzes
Risky Map Clicking: Least Populous States A-Z
Billboard Blitz: Aretha Franklin
Famous Russians: Author or Composer?
Countries of the World: 200 Million BC
1-10 Letter G Words
Recently Updated
Leaping Animals
pecheneg
Reality TV Shows (A-Z)
bhenderson79
Rickey Henderson's Hall of Fame Teammates
pecheneg
Champions League XIs: Arsenal
pecheneg
Quick Pick: Celebrities in WWE's Hall of Fame
aduchscher
A-Z Keypad Blitz II
pecheneg
Multiple Oscar Actors
pecheneg
Mystery Phrase Blitz: Oscar 'Best Actors'
pecheneg
F. Scott Fitzgerald Novels
LTH
Pick 3 Villains
ddd62291
Trending Topics
Crossword
NBA
Disney
Harry Potter
Kpop
Marvel
Anime
Soccer
The Office
NFL
Puzzle
Pokémon
WWE
Country
Song
Your Account Isn't Verified!
In order to create a playlist on Sporcle, you need to verify the email address you used during registration. Go to your
Sporcle Settings
to finish the process.
Report this User
Report this user for behavior that violates our
Community Guidelines
.
Details:
Send Report
Go to the Sporcle.com Mobile Site →
Comments